000 01072nam a2200289 i 4500
001 13503
003 ES-MaACL
005 20250821105644.0
007 t|
008 980423s1990 sp a |||| | spa d
080 _a75.035(460)
080 _a75 Meléndez, Miguel Jacinto (064.3)
100 1 _aMeléndez, Miguel Jacinto.
_979914
245 1 0 _aMiguel Jacinto Meléndez (1679-1734)
_b: [exposición], Museo Municipal de Madrid /
_c[introducción y catalogación, Elena María Santiago Páez].
260 _aMadrid :
_bAyuntamiento, Concejalía de Cultura,
_cD.L. 1990.
300 _a107 p. :
_bil. col. ;
_c30 cm.
504 _aBibliografía : p. 102-106.
600 1 4 _aMeléndez, Miguel Jacinto-
_vExposiciones.
_979915
650 1 4 _aPintura española-
_xS.XVII.
_916041
650 4 _aPintura española-
_yS.XVIII.
_9159436
655 7 _2tgfbne
_9193628
_aCatálogos de exposiciones
700 1 _aSantiago Páez, Elena
_9103409
710 2 _aMuseo Municipal de Madrid
_95892
852 _aES-MaACL
_jL-20833
942 _2udc
999 _c13503
_d13503